| 000 | 01964nam1a2200301 i 4500 | ||
|---|---|---|---|
| 001 | RU\NLR\BIBL_A\011215202 | ||
| 005 | 20260409063030.0 | ||
| 035 | _a(NLR Aleph) 011215202 | ||
| 090 |
_a11993028 _c11993028 |
||
| 100 | _a20160720g20179999u y0rusy50 ca | ||
| 101 | 0 | _arus | |
| 102 | _aRU | ||
| 105 | _a||||j|||||||| | ||
| 200 | 1 |
_aРоссийское уголовное право _iОбщая часть _eучебник _f[Иногамова-Хегай Л.В., Комиссаров В.С., Рарог А.И. и др.] _gпод ред. д.ю.н., проф. Л.В. Иногамовой-Хегай [и др.] _gМ-во образования и науки Рос. Федерации, Моск. гос. юрид. ун-т им. О.Е. Кутафина (МГЮА), Моск. гос. ун-т им. М.В. Ломоносова |
|
| 205 | _aИзд. 4-е, перераб. и доп. | ||
| 210 |
_aМосква _cПроспект _d2017 |
||
| 215 | _d22 | ||
| 300 | _aАвт. указаны на обороте тит.л. | ||
| 606 | 1 |
_aУголовное право _jУчебники для высших учебных заведений _xОбщая часть _yРоссийская Федерация _92078722 _3RU\NLR\AUTH\661254586 |
|
| 686 | 1 | _aХ628.1я73 | |
| 701 | 1 |
_8rus _7ca _aИногамова-Хегай _bЛ. В. _f1954- _gЛюдмила Валентиновна _3RU\NLR\AUTH\7710183 _9119965 |
|
| 701 | 1 |
_4070 _8rus _7ca _aКомиссаров _bВ. С. _cд-р юрид. наук _f1953-2017 _gВладимир Сергеевич _3RU\NLR\AUTH\7764952 _947881 |
|
| 701 | 1 |
_8rus _7ca _aРарог _bА. И. _f1937- _gАлексей Иванович _3RU\NLR\AUTH\7713463 _9123153 |
|
| 712 | 0 | 2 |
_4570 _aМосковский государственный юридический университет им. О. Е. Кутафина _3RU\NLR\AUTH\8810235884 _9357016 |
| 852 |
_aNLR _j2016-5/5540 |
||
| 942 | _cBOOK | ||